Представление документа в формате MARC21

Поле Инд. ПП Название Значение
Тип записи a
Библиографический уровень a
001 Контрольный номер ff0d17db0453405aa735d44e7f7e7a62
005 Дата корректировки 20201008141109.7
040 a Служба первич. каталог. НБ ТвГУ
b Код языка каталог. rus
e Правила каталог. PSBO
041 0_ a Код языка текста rus
097 b Оператор Komarova.ES
098 b Факультет Психологии
c Кафедра Психология труда и клиническая психология
100 1_ a Автор Клюева Ольга Анатольевна
q Полное имя Клюева О. А.
245 10 a Заглавие К проблеме деструктивного конкурентного поведения в профессиональной деятельности
260 a Место издания Тверь
b Издательство Тверской государственный университет
504 a Библиография Библиогр.: с. 43-44 (10 назв.)
520 0_ a Аннотация Статья посвящена аналитическому обзору зарубежных и отечественных исследований проблемы конкурентоспособности личности.
653 0_ a Ключевые слова Конкуренция
a Ключевые слова Аналитический обзор
a Ключевые слова Профессия
a Ключевые слова Поведение
a Ключевые слова Психологические факторы
a Ключевые слова Труды Тверского государственного университета
773 18 w Контрольный № источника 2e95caa5738f4ef8b5048eb0bf62a7e8
t Название источника Психология труда, организации и управления в условиях современных технологий
d Место и дата издания Тверь : Тверской государственный университет, 2020
g Прочая информация С. 41-44
856 40 u URL http://texts.lib.tversu.ru/texts/149713t.pdf
x Примечание для ЭОР Справка УИС 2020
x Примечание для ЭОР Реестр суммарного учета сетевых локальных документов
i Дата подключения ЭОР 20201008
901 t Тип документа a
920 a Оператор Кома
954 b Дата поступления в ОК 20200924